Normal view
MARC view
- الاسرة - الطفل
Entry Topical Term
001 - CONTROL NUMBER
- control field: 49537
003 - CONTROL NUMBER IDENTIFIER
- control field: JO-AjAnu
005 - DATE AND TIME OF LATEST TRANSACTION
- control field: 20230606082149.0
008 - FIXED-LENGTH DATA ELEMENTS
- fixed length control field: 230606|| aca||aabn | a|a d
040 ## - CATALOGING SOURCE
- Original cataloging agency: JO-AjAnu
- Transcribing agency: JO-AjAnu
150 ## - HEADING--TOPICAL TERM
- Topical term or geographic name entry element: الاسرة - الطفل
670 ## - SOURCE DATA FOUND
- Source citation: Work cat.: (JO-AjAnu)25331: داود، نسيمة، م.مشارك: نزيه حمدي, author 49536, الاسرة والطفل : دراسة اعدها بتكليف من مكتب التربية العربي لدول الخليج